The Mystery Of The Fire Dragon (Record no. 8893)

MARC details
000 -LEADER
fixed length control field 01021nam a22002177a 4500
003 - CONTROL NUMBER IDENTIFIER
control field OSt
005 - DATE AND TIME OF LATEST TRANSACTION
control field 20260311000827.0
008 - FIXED-LENGTH DATA ELEMENTS--GENERAL INFORMATION
fixed length control field 260311b |||||||| |||| 00| 0 eng d
020 ## - INTERNATIONAL STANDARD BOOK NUMBER
International Standard Book Number 0448095386
040 ## - CATALOGING SOURCE
Original cataloging agency DWCL GS lib
Transcribing agency OC
082 ## - DEWEY DECIMAL CLASSIFICATION NUMBER
Classification number Fic. K26m 1989
100 ## - MAIN ENTRY--PERSONAL NAME
Personal name Keene Carolyn
245 ## - TITLE STATEMENT
Title The Mystery Of The Fire Dragon
Statement of responsibility, etc. Carolyn Keene
260 ## - PUBLICATION, DISTRIBUTION, ETC.
Place of publication, distribution, etc. New York
Name of publisher, distributor, etc. Carolyn Keene
Date of publication, distribution, etc. 1961
300 ## - PHYSICAL DESCRIPTION
Extent Extent- vii,182 pages:
Other physical details illustrations ;
Dimensions 20cm
520 ## - SUMMARY, ETC.
Summary, etc. where Nancy travels from New York to Hong Kong to find Chi Che Soong, the kidnapped granddaughter of a neighbor. Using a rare fire dragon symbol as a clue, she uncovers an international smuggling ring and rescues Chi Che from a ship
650 ## - SUBJECT ADDED ENTRY--TOPICAL TERM
Topical term or geographic name entry element roactive, courageous, and highly intelligent investigation, contrasting sharply with the chaotic, illegal actions of the criminal, smugglers.
650 ## - SUBJECT ADDED ENTRY--TOPICAL TERM
Topical term or geographic name entry element revolves around themes of justice, loyalty, and the courage to confront danger to protect others.
700 ## - ADDED ENTRY--PERSONAL NAME
Personal name Carolyn Keene
942 ## - ADDED ENTRY ELEMENTS (KOHA)
Source of classification or shelving scheme Dewey Decimal Classification
Koha item type Fiction
Suppress in OPAC No

No items available.